书目信息 |
| 题名: |
最新家装细部设计
|
|
| 作者: | 《最新家装细部设计》编委会编 | |
| 分册: | 玄关走廊 隔断 | |
| 出版信息: | 北京 化学工业出版社 2014 |
|
| 页数: | 108页 | |
| 开本: | 29cm | |
| 丛书名: | ||
| 单 册: | ||
| 中图分类: | TU241.01-64 | |
| 科图分类: | ||
| 主题词: | 住宅--图集--细部设计--室内装饰设计 , 住宅--图集--门厅--细部设计--室内装饰设计 , 住宅--图集--隔墙--细部设计--室内装饰设计 , 住宅 , 室内装饰设计 , 细部设计 , 门厅 , 隔墙 | |
| 电子资源: | ||
| ISBN: | 978-7-122-18562-4 | |
| 000 | 01197nam0 2200313 450 | |
| 001 | 414 | |
| 005 | 20160906090035.65 | |
| 005 | 20140707172149 | |
| 010 | @a978-7-122-18562-4@dCNY39.00 | |
| 100 | @a20140106d2014 em y0chiy50 ea | |
| 101 | 0 | @achi |
| 102 | @aCN@b110000 | |
| 105 | @aa z 000yy | |
| 200 | 1 | @a最新家装细部设计@9zui xin jia zhuang xi bu she ji@i玄关走廊 隔断@f《最新家装细部设计》编委会编 |
| 210 | @a北京@c化学工业出版社@d2014 | |
| 215 | @a108页@d29cm | |
| 300 | @a美家空间 珍藏版 | |
| 330 | @a本书汇集了大量家居设计中玄关走廊、隔断设计的细部案例,对其重点材料进行标注,使读者对装修主材的装饰效果有了更直观的视觉感受。通过精彩的设计案例,让读者能够在装修之前了解到不同的材料用在不同的功能细部空间和部位后都能展现什么样的效果,做到心中有数,从而合理设计家居空间、准确地选择家居装修材料。 | |
| 606 | 0 | @a住宅@j图集@x细部设计@x室内装饰设计 |
| 606 | 0 | @a住宅@j图集@x门厅@x细部设计@x室内装饰设计 |
| 606 | 0 | @a住宅@j图集@x隔墙@x细部设计@x室内装饰设计 |
| 606 | 0 | @a住宅 |
| 606 | 0 | @a室内装饰设计 |
| 606 | 0 | @a细部设计 |
| 606 | 0 | @a门厅 |
| 606 | 0 | @a隔墙 |
| 690 | @aTU241.01-64@v5 | |
| 801 | 0 | @aCN@b唐山师范学院图书馆@c20160722 |
| 905 | @aZUCC@dTU241.01-64@e733 | |
| 最新家装细部设计.玄关走廊 隔断/《最新家装细部设计》编委会编.-北京:化学工业出版社,2014 |
| 108页;29cm |
| 美家空间 珍藏版 |
| ISBN 978-7-122-18562-4:CNY39.00 |
| 本书汇集了大量家居设计中玄关走廊、隔断设计的细部案例,对其重点材料进行标注,使读者对装修主材的装饰效果有了更直观的视觉感受。通过精彩的设计案例,让读者能够在装修之前了解到不同的材料用在不同的功能细部空间和部位后都能展现什么样的效果,做到心中有数,从而合理设计家居空间、准确地选择家居装修材料。 |
| ● |
| 相关链接 |
|
|
|
|
正题名:最新家装细部设计
索取号:TU241.01-64/733
 
预约/预借
| 序号 | 登录号 | 条形码 | 馆藏地/架位号 | 状态 | 备注 |
| 1 | 901742 | 209017428 | 第二样本阅览室/ [索取号:TU241.01-64/733] | 在馆 | |
| 2 | 901743 | 209017437 | 第三借阅区/ [索取号:TU241.01-64/733] | 在馆 | |
| 3 | 901744 | 209017446 | 第三借阅区/ [索取号:TU241.01-64/733] | 在馆 | |
| 4 | 901745 | 209017455 | 第三借阅区/ [索取号:TU241.01-64/733] | 在馆 | |
| 5 | 901746 | 209017464 | 第三借阅区/ [索取号:TU241.01-64/733] | 在馆 |